000 00333 a2200157 4500
001 188077
020 _a978-85-04-01329-0
040 _cMagnum
100 _aCarrasco, Walcyr
240 1 0 _aA estrela curiosa
_lpor
245 1 0 _aA estrela curiosa
300 _a24
362 0 _a2008
697 _aLITERATURA INFANTO
942 _cBK
999 _c188077
_d188077